Documentary Now! Matching Quiz Stats

 Plays Quiz not verified by Sporcle

Challenge
Share
Tweet
Score 0/12 Timer 03:00
0 Plays Today
% Correct
Jiro Dreams of Sushi
83.3%
Nanook Revisited
80.6%
The War Room
77.8%
Salesman
75%
Hollywood
63.9%
VICE News documentaries
58.3%
History of the Eagles
52.8%
Grey Gardens
52.8%
The Kid Stays in the Picture
52.8%
Stop Making Sense
50%
The Thin Blue Line
47.2%
Swimming to Cambodia
47.2%

You're not logged in!

Compare scores with friends on all Sporcle quizzes.
OR
Log In

You Might Also Like...

Show Comments

Extras

Top Quizzes Today


Score Distribution

Your Account Isn't Verified!

In order to create a playlist on Sporcle, you need to verify the email address you used during registration. Go to your Sporcle Settings to finish the process.

Report this User

Report this user for behavior that violates our Community Guidelines.

Details: